Popri robotoch sa už uplatnia len tvoriví ľudia
Slovensko v uplynulej dekáde výrazne poskočilo v produktivite. Ďaľší jej rast však začína narážať na bariéry. Podľa OECD stráca Slovensko až 6 percent HDP vinou "neodovzdateľnosti" mladých ľudí. Dôvody, prečo manažéri nedokážu viac zvyšovať produktivitu.
Salvato in:
| Autore principale: | |
|---|---|
| Natura: | Capitolo di libro |
| Lingua: | slovacco |
| Soggetti: | |
| Tags: |
Nessun Tag, puoi essere il primo ad aggiungerne!!
|
MARC
| LEADER | 00000naa a2200000 4500 | ||
|---|---|---|---|
| 001 | 0226362 | ||
| 005 | 20221104112722.6 | ||
| 041 | 0 | |a slo | |
| 044 | |a SK | ||
| 245 | 1 | 0 | |a Popri robotoch sa už uplatnia len tvoriví ľudia |c Ľubomír Jurina |
| 520 | |a Slovensko v uplynulej dekáde výrazne poskočilo v produktivite. Ďaľší jej rast však začína narážať na bariéry. Podľa OECD stráca Slovensko až 6 percent HDP vinou "neodovzdateľnosti" mladých ľudí. Dôvody, prečo manažéri nedokážu viac zvyšovať produktivitu. | ||
| 610 | 2 | 0 | |a Slovensko |
| 610 | 2 | 0 | |a produktivita práce |
| 610 | 2 | 0 | |a digitalizácia |
| 610 | 2 | 0 | |a výkonnosť ekonomiky |
| 610 | 2 | 0 | |a výkony pracovné |
| 100 | 1 | |a Jurina, Ľubomír | |